Природа аномальных концентраций скандия в углях; Известия Томского политехнического университета [Известия ТПУ]; Т. 323, № 1 : Науки о Земле
| Parent link: | Известия Томского политехнического университета [Известия ТПУ]/ Томский политехнический университет (ТПУ).— , 2000- Т. 323, № 1 : Науки о Земле.— 2013.— [С. 56-64] |
|---|---|
| Autor principal: | |
| Sumari: | Заглавие с титульного листа Электронная версия печатной публикации Рассмотрена природа накопления аномально высоких содержаний скандия в углях на основе анализа особенностей их распределения в углях и торфах Сибири, российского Дальнего Востока, Монголии, Казахстана и Ирана. Установлена связь содержания скандия в углях с составом пород обрамления бассейнов угленакопления. Предложена модель накопления аномальных концентраций скандия в углях. Приведены доказательства гидрогенного его концентрирования в угольных пластах. |
| Idioma: | rus |
| Publicat: |
2013
|
| Col·lecció: | Геохимия |
| Matèries: | |
| Accés en línia: | http://earchive.tpu.ru/bitstream/11683/4894/1/bulletin_tpu-2013-323-1-10.pdf |
| Format: | MixedMaterials Electrònic Capítol de llibre |
| KOHA link: | https://koha.lib.tpu.ru/cgi-bin/koha/opac-detail.pl?biblionumber=242936 |
MARC
| LEADER | 00000nla2a2200000 4500 | ||
|---|---|---|---|
| 001 | 242936 | ||
| 005 | 20231225094029.0 | ||
| 035 | |a (RuTPU)RU\TPU\book\264258 | ||
| 035 | |a RU\TPU\book\264250 | ||
| 090 | |a 242936 | ||
| 100 | |a 20130912d2013 k y0rusy50 ca | ||
| 101 | 0 | |a rus | |
| 102 | |a RU | ||
| 135 | |a drnn ---uucaa | ||
| 181 | 0 | |a i | |
| 182 | 0 | |a b | |
| 200 | 1 | |a Природа аномальных концентраций скандия в углях |f С. И. Арбузов | |
| 203 | |a Текст |c электронный | ||
| 215 | |a 1 файл (1.9 Мб) | ||
| 225 | 1 | |a Геохимия | |
| 300 | |a Заглавие с титульного листа | ||
| 300 | |a Электронная версия печатной публикации | ||
| 320 | |a [Библиогр.: с. 63-64 (30 назв.)] | ||
| 330 | |a Рассмотрена природа накопления аномально высоких содержаний скандия в углях на основе анализа особенностей их распределения в углях и торфах Сибири, российского Дальнего Востока, Монголии, Казахстана и Ирана. Установлена связь содержания скандия в углях с составом пород обрамления бассейнов угленакопления. Предложена модель накопления аномальных концентраций скандия в углях. Приведены доказательства гидрогенного его концентрирования в угольных пластах. | ||
| 337 | |a Adobe Reader | ||
| 461 | 1 | |0 (RuTPU)RU\TPU\book\176237 |t Известия Томского политехнического университета [Известия ТПУ] |f Томский политехнический университет (ТПУ) |d 2000- | |
| 463 | 1 | |0 (RuTPU)RU\TPU\book\264203 |x 1684-8519 |t Т. 323, № 1 : Науки о Земле |v [С. 56-64] |d 2013 |p 249 с. | |
| 610 | 1 | |a геохимия | |
| 610 | 1 | |a уголь | |
| 610 | 1 | |a скандий | |
| 610 | 1 | |a факторы | |
| 610 | 1 | |a накопление | |
| 610 | 1 | |a концентрация | |
| 610 | 1 | |a труды учёных ТПУ | |
| 610 | 1 | |a электронный ресурс | |
| 700 | 1 | |a Арбузов |b С. И. |c российский геолог и геохимик |c профессор Томского политехнического университета, доктор геолого-минералогических наук |f 1959- |g Сергей Иванович |3 (RuTPU)RU\TPU\pers\24710 |9 10962 | |
| 801 | 1 | |a RU |b 63413507 |c 20090623 |g PSBO | |
| 801 | 2 | |a RU |b 63413507 |c 20190517 |g PSBO | |
| 856 | 4 | |u http://earchive.tpu.ru/bitstream/11683/4894/1/bulletin_tpu-2013-323-1-10.pdf | |
| 942 | |c CF | ||